Mamluk and post-Mamluk metal lamps /

Saved in:

Main Author: Behrens-Abouseif, Doris (Author)

Format: Book

Language: English

Published: Le Caire : Institut français d'archéologie orientale, 1995.

Series: Cahier des Annales Islamologiques, 15.
CAI ; 15.

Subjects:

Tags: Add Tag

No Tags, Be the first to tag this record!

Call Number: DS41 .C24 v.15

LEADER 00992namaa2200313 4500
001 20703
003 OSt
005 20260302094519.0
008 130303s1995 ua a b 000 0 eng d
010 |a 96960092 
020 |a 2724701658 
040 |c ARCE Library 
043 |a f-ua--- 
050 4 |a DS41 .C24 v.15 
100 1 |a Behrens-Abouseif, Doris,  |e author 
245 1 0 |a Mamluk and post-Mamluk metal lamps /  |c by Doris Behrens-Abouseif. 
264 1 |a Le Caire :  |b Institut français d'archéologie orientale,  |c 1995. 
300 |a 110 pages :   |b illustrations ;   |c 29 cm. 
490 1 |a Cahier des Annales Islamologiques,   |x 0254-282X ;   |v 15. 
490 1 |a CAI ;   |v 15. 
504 |a Includes bibliographical references. 
650 0 |a Art metal-work, Islamic   |z Egypt. 
650 0 |a Lamps, Mameluke. 
650 0 |a Lamps, Ottoman  |z Egypt. 
830 0 |a Cahier des Annales Islamologiques,   |x 0254-282X ;  |v 15. 
830 0 |a CAI ;   |v 15. 
901 |a reviewed 
942 |c BK  |2 lcc 
999 |c 17161  |d 17161